=LDR 00000nam 2200000 4500 =001 INLIS000000001052359 =005 20240827092356 =035 ##$$a 0010-0824000177 =007 ta =008 240827################a##########1###### =020 ##$$a 978-89-6509-643-6 =082 ##$$a 028.55 =084 ##$$a 028.55 SEO d =100 #$$a Seo Young-mi =245 1#$$a Degururu berputar-putar /$c Seo Young-mi =260 ##$$a Tongkeun World :$b Gyeonggi-do =300 ##$$a 27 hlm : $b ilus ; $c 21,3 x 25,5 cm =650 #4$$a Bacaan Kanak-kanak =990 ##$$a 17501750